Word Ladder: We Don't Need Roads Quiz Stats

 Plays Quiz Updated Jul 17, 2019

Score 0/28 Timer 04:00
2 Plays Today
Hint 5-Letter Word % Correct
Side of the faceCHEEK
96.2%
⏰Catchphrase of [rung 1]: '_____ [rung 21]!'⏰
_____ Wall of China
⏰GREAT⏰
96%
Chess announcementCHECK
95.9%
Battle, Cripple, or Dawson'sCREEK
95.8%
To fire a weapon or to take a pictureSHOOT
94.7%
Recorded [last rung]'s 'Johnny B. Goode': _____ BerryCHUCK
94.6%
⏰Time-travelling teen: _____ McFly⏰
1955 Best Picture
⏰MARTY⏰
93.3%
People from EdinburghSCOTS
93%
Roles in a playPARTS
92.9%
Trick alternativeTREAT
92.9%
'Rocky' sequelCREED
92.4%
Covers with chimney stuffSOOTS
91.9%
Grooved tire surfaceTREAD
91.9%
Docking sitesPORTS
91.8%
Hint 5-Letter Word % Correct
Political groupPARTY
91.6%
OrganizesSORTS
91.4%
Dog varietyBREED
90.8%
⏰Catchphrase of [rung 1]: '[rung 5] _____!'⏰
'Rob Roy' author Walter _____
⏰SCOTT⏰
90.5%
Merit badge earnerSCOUT
89.6%
⏰Inventor and scientist: Doc _____
RI Ivy League school
⏰BROWN⏰
89.2%
Open oystersSHUCK
88.6%
MatureGROWN
88.4%
Hit for the Isley Brothers or Tears for FearsSHOUT
88.4%
TraumaSHOCK
88.4%
Finalized an agreement without pen & paperSHOOK
87.8%
'If' bandBREAD
87.6%
Response to a bad punGROAN
87.6%
Star Pirates' shortstop & 1960 NL MVP Dick _____GROAT
83.3%

Today's Daily Dose

Word Ladder
Lean on Me

Get the Picture
Superhero by Villain

You're not logged in!

Compare scores with friends on all Sporcle quizzes.
OR
Log In

Sporcle TV

Today on Sporcle TV


Watch our educational content, quiz creation guides, and fun videos on Sporcle TV.

Show Comments

Extras

Top Quizzes Today


Score Distribution

Your Account Isn't Verified!

In order to create a playlist on Sporcle, you need to verify the email address you used during registration. Go to your Sporcle Settings to finish the process.

Report this User

Report this user for behavior that violates our Community Guidelines.

Details: